000 00297nam a2200121Ia 4500
008 240731s9999 xx 000 0 und d
022 _a1477-2787
245 4 _aThe Justice Professional
260 _bRoutledge
856 _uhttps://www.tandfonline.com/loi/gjup19
942 _2ddc
942 _cTFEJ
999 _c80024
_d80024
945 _a1
_bMadushi Gamage
_c1
_dMadushi Gamage